000 00531nam a2200181Ia 4500
008 151202s9999||||xx |||||||||||||| ||und||
082 _bPNVM-76160
100 _aकणेकर शिरीष.
245 _aमोतिया.
260 _b"दिलीप प्रकाशन, मुंबई."
260 _c68406
300 _a256
600 _aकणेकर शिरीष.
630 _aमोतिया.
700 _aकणेकर शिरीष.
730 _aमोतिया.
942 _cBOOK
999 _c1342819
_d1342816